Liečitelia s najvyššou kvalifikaciou Súčasnosť a perspektívy chirurgie v NsP v Šaci.(l)

Podrobná bibliografia
Hlavný autor: Hamrák, Fr (Autor)
Korporatívny autor: Nemocnica s poliklinikou (Košice-Šaca, Slovensko) (Autor)
Médium: Článok
Jazyk:slovenčina
Predmet:

MARC

LEADER 00000nab a2200000 a 4500
001 vtls000916772
003 SK-MaSNL
005 20260302173636.0
008 040720e19920318xo 0 slo
035 |a KE25652 
040 |a KEVKJB  |b slo  |c KEVKJB  |e AACR2 
041 0 |a slo 
044 |a xo  |c SK 
080 |a 669.1  |2 1981 
080 |a 362.111  |2 1981 
100 1 |a Hamrák, Fr.  |4 aut  |9 881802 
245 1 0 |a Liečitelia s najvyššou kvalifikaciou  |b Súčasnosť a perspektívy chirurgie v NsP v Šaci.(l) 
610 2 7 |a Nemocnica s poliklinikou (Košice-Šaca, Slovensko)  |2 KEVKJB  |9 94638 
610 2 7 |a VSŽ Nemocnica Košice-Šaca  |2 KEVKJB  |9 877438 
650 0 7 |a oddelenie chirurgie  |2 KEVKJB  |9 881803 
650 0 7 |a činnosť  |2 KEVKJB  |9 282874 
650 0 7 |a modernizácia  |2 KEVKJB  |9 3613 
651 7 |a Šaca (Košice II, Slovensko)  |2 KEVKJB  |9 29391 
651 7 |a KE,  |2 KEVKJB  |9 877256 
655 7 |a periodikum  |2 snkbucl  |9 29553 
710 2 |a Nemocnica s poliklinikou (Košice-Šaca, Slovensko)   |4 aut  |9 94638 
773 0 8 |t Oceľ východu  |g Roč. 32  |g Roč. 28, č.11, 18.3.1992, s. 3 
852 |a ZVYKNI  |b KIS3GCP 
999 |c 1402001  |d 1403931